| 000 | 00450nmm a2200157Ia 4500 | ||
|---|---|---|---|
| 008 | 251105s9999||||xx |||||||||||||||||und|| | ||
| 020 | _a9786078259014 | ||
| 041 | _aspa | ||
| 100 | _aBocaccio, Giovanni | ||
| 245 | 0 | _aCuentos del Decamerón | |
| 264 |
_a[Bogotá, Colombia] : _bOveja Negra, _c1983 |
||
| 300 | _a533 páginas | ||
| 650 | _aItalian literature and language | ||
| 856 | _uhttps://public.digitaliapublishing.com/a/37849 | ||
| 942 | _cCF | ||
| 999 |
_c75877 _d75877 |
||